| 000 | 00398nam a2200157Ia 4500 | ||
|---|---|---|---|
| 008 | 221030s9999 xx 000 0 und d | ||
| 020 | _a8170292476 | ||
| 041 | _aEnglish | ||
| 082 |
_a105.23 _bCun |
||
| 100 | _aS. K. Cunningham | ||
| 245 | 0 |
_aLearn Microsoft Assembler in a Day _cby S. K. Cunningham |
|
| 260 |
_bBPB Pub _aNew Delhi _c1994 |
||
| 300 | _a116 | ||
| 650 | _aBE Computer | ||
| 942 | _cBK | ||
| 999 |
_c4803 _d4803 |
||